Systems thinking, systems practice : (Record no. 812)

MARC details
000 -LEADER
fixed length control field 00499nam a22001817a 4500
003 - CONTROL NUMBER IDENTIFIER
control field OSt
005 - DATE AND TIME OF LATEST TRANSACTION
control field 20250417104526.0
008 - FIXED-LENGTH DATA ELEMENTS--GENERAL INFORMATION
fixed length control field 220322b ||||| |||| 00| 0 eng d
020 ## - INTERNATIONAL STANDARD BOOK NUMBER
International Standard Book Number 9780471986065
040 ## - CATALOGING SOURCE
Transcribing agency KCST
082 ## - DEWEY DECIMAL CLASSIFICATION NUMBER
Classification number 003
Item number Ch Sy
100 ## - MAIN ENTRY--PERSONAL NAME
Personal name Checkland, Peter
9 (RLIN) 5692
245 ## - TITLE STATEMENT
Title Systems thinking, systems practice :
Remainder of title includes a 30-year retrospective /
Statement of responsibility, etc. Peter Checkland
260 ## - PUBLICATION, DISTRIBUTION, ETC.
Place of publication, distribution, etc. Chichester:
Name of publisher, distributor, etc. Wiley
Date of publication, distribution, etc. 1999
300 ## - PHYSICAL DESCRIPTION
Extent 330 p.
650 ## - SUBJECT ADDED ENTRY--TOPICAL TERM
Topical term or geographic name entry element System theory.
9 (RLIN) 5693
942 ## - ADDED ENTRY ELEMENTS (KOHA)
Source of classification or shelving scheme Dewey Decimal Classification
Koha item type Book
Holdings
Withdrawn status Lost status Source of classification or shelving scheme Damaged status Not for loan Home library Current library Date acquired Cost, normal purchase price Total checkouts Full call number Barcode Date last seen Cost, replacement price Price effective from Koha item type
    Dewey Decimal Classification     KCST Library KCST Library 22/03/2022 12.15   003 Ch Sy 1000001040 22/03/2022 12.15 22/03/2022 Book
© 2025 KCST. All rights reserved